000 00531nam a2200181Ia 4500
999 _c8063
_d8063
003 OSt
005 20200125144011.0
008 190216s9999||||xx |||||||||||||| ||und||
020 _a9788190618427
040 _coclc
082 _a332.120954
_bRAO/B
100 _aRao, D Suryachandra
_91567
245 0 _aBanking Reforms In India /
_cD Suryachandra Rao
260 _bRegal Publications,
_c2008.
_aNew Delhi:
300 _a412p
650 _aBanking
942 _cBK
_2ddc
_h332.120954
_iRAO/B
_k332.120954
_mRAO/B